01008nam a2200265 a 450000500170000000800410001701000140005802000260007202000230009803500130012103700150013404000180014908200120016724500930017926000470027227000650031930000300038450000200041452000580043460000430049270000200053594200260055599900170058195201440059820080616100023.0070814s2007 ii 001 0 eng  aENG-91538 a9780195699654c695.00 a0195699653c695.00 aEN-75071 bDBAD / PUB adplbEnglish  a301.153 aThe philosophy of Mahatma Gandhi for the twenty-first century /cedited by Douglas Allen aNew Delhi bOxford University Press,c2008 aYMCA Library Building , Jai Singh Road, bNew Delhi e110001 axviii, 263 p.c23 cm (Hb) aIncludes index  aContributed articles chiefly with reference to India. aGandhi, Mahatma, 1869-1948xPhilosophy aAllen, Douglas  2ddccENmPHIh301.153 c18124d18124 00102ddc40718NFICaDBADbDBADd2008-11-06eDBAD / PUBg695.00l0o301.153 PHIpEN-75071r2008-11-06 00:00:00t1v695.00w2008-11-06yEN